Palabra de Chillida
Guardat en:
| Autor principal: | |
|---|---|
| Format: | Llibre |
| Idioma: | espanyol |
| Publicat: |
Zarautz
Universidad del País Vasco
1998
|
| Matèries: | |
| Etiquetes: |
Afegir etiqueta
Sense etiquetes, Sigues el primer a etiquetar aquest registre!
|
MARC
| LEADER | 00000nam a2200000 a 4500 | ||
|---|---|---|---|
| 001 | UCO6692 | ||
| 003 | CL-VaPUC | ||
| 008 | 001027e19980000SP |||||||||||||||||spa|d | ||
| 082 | 0 | 4 | |a 730.92 |b MAR |2 21 |
| 100 | |a Martínez Aguinagalde, Florencio |e autor |9 480210 | ||
| 245 | 1 | 0 | |a Palabra de Chillida |
| 300 | |a 119 p | ||
| 942 | |c BK | ||
| 945 | |d 20001027 00:00:00 |a crobeson | ||
| 260 | |a Zarautz |b Universidad del País Vasco |c 1998 | ||
| 600 | 0 | 7 | |a CHILLIDA, EDUARDO |2 CL-VaPUC |9 451528 |
| 650 | 7 | |a ESCULTORES ESPAÑOLES |2 CL-VaPUC |9 268719 | |
| 650 | 0 | |a Escultura española |9 341226 | |
| 650 | 7 | |a ESCULTURA MODERNA |2 CL-VaPUC |9 268158 | |
| 583 | |a last modification |c 20001027 00:00:00 |k Rodrigo Vera | ||
| 999 | |c 292165 |d 292163 | ||
| 952 | |0 0 |1 0 |4 0 |6 730_920000000000000_MAR_1998 |7 0 |8 A |9 342807 |a BIBARQ |b BIBARQ |d 2019-11-20 |i 3645258 |l 4 |o 730.92 MAR 1998 |p 3645258 |r 2025-01-20 |s 2023-08-01 |w 2019-11-20 |y BK |k ARQ | ||